Los Retos políticos de la reforma económica en Costa Rica /

محفوظ في:
التفاصيل البيبلوغرافية
المؤلف الرئيسي: Jiménez, Ronulfo
مؤلفون مشاركون: Academia de Centroamérica, Centro de Investigación y Adiestramiento Político Administrativo CIAPA Coalición Costarricense de Iniciativas de Desarrollo CINDE
مؤلفون آخرون: ed.
التنسيق: نص
منشور في: San José: Academia de Centroamérica
الموضوعات:
الوسوم: إضافة وسم
لا توجد وسوم, كن أول من يضع وسما على هذه التسجيلة!

MARC

LEADER 00000 a a2200000 04500
001 26324
003
040
020 |a 9977-21-034-9  
090 |a 148107  
100 |a Jiménez, Ronulfo  
110 |a Academia de Centroamérica  
245 |a Los Retos políticos de la reforma económica en Costa Rica /  |c Academia de Centroamérica  
260 |a San José:   |b Academia de Centroamérica  
300 |a 330 p   |b **no definido**  
650 |a REFORMA ECONOMICA  
650 |a POLITICA  
650 |a LIDERAZGO POLITICO  
650 |a PROBLEMAS POLITICOS  
650 |a PODER POLITICO  
700 |a ed.  
710 |a Centro de Investigación y Adiestramiento Político Administrativo   |a CIAPA   |a Coalición Costarricense de Iniciativas de Desarrollo   |a CINDE  
999 |c 14234  |d 14234